| 000 | 01224nam a2200217Ia 4500 | ||
|---|---|---|---|
| 003 | Ost | ||
| 005 | 20260507075610.0 | ||
| 008 | 260507s9999||||xx |||||||||||||| ||und|| | ||
| 020 | _a9789961013090 | ||
| 040 | _cfsecg | ||
| 041 | _aara | ||
| 082 | _a350.1 | ||
| 100 |
_aمنير، نوري _eمؤلف |
||
| 245 | 0 |
_aتسيير الموارد البشرية / _c نوري منير |
|
| 260 |
_aالجزائر: _bديوان المطبوعات الجامعية, _c2014 |
||
| 300 |
_a381 صفحة؛ _bإيضاحات ؛ _c22 سم |
||
| 504 | _aالمراجع ص.367 | ||
| 520 | _a تناول هذا الكتاب تسيير الموارد البشرية ، حيث تحدث من خلال فصوله عن المؤسسة ووظيفة الموارد البشرية وتطور فكرها التنظيمي، وعن العلاقات الانسانية في تسيير الموارد البشرية وتخطيطها وتحليل وتوصيف الوظائف مع اختيار وتعيين الأفراد ووظيفة تحديد الأجور، بالاضافة الى وظيفة التدريب والتحفيز وإدارة المهنة وتقييم الأداء. | ||
| 653 | _aالموارد البشرية | ||
| 942 | _cكتاب | ||
| 999 |
_c45066 _d45066 |
||